000 02914nam a2200229 4500
001 2162214035924643
003 UA-OsUOA
005 20240207094933.0
008 240207b un ||||| |||| 00| 0 ukr d
040 _aUA-OsUOA
_bukr
_cUA-OsUOA
_dUA-OsUOA
041 _aukr
080 _a343.13+341.44
090 _a343.13+341.44
095 _a12.00.09
_bкримінальний процес та криміналістика; судова експертиза; оперативно-розшукова діяльність
100 _aМотиль В. І.
_91553
245 _aПрокурорський нагляд за екстрадицією особи
_cМотиль Віктор Іванович; наук. керівник Удалова лариса Давидівна
300 _a19 с.
502 _6автореферат дисертації на здобуття наукового ступеня кандидата юридичних наук
_cНаціональний університет державної податкової служби України
_d2012
520 _aУ роботі досліджені роль та місце екстрадиції в кримінально- процесуальному праві України. З’ясоване місце прокурорського нагляду в правовідносинах з екстрадиції. Визначені предмет та об’єкт прокурорського нагляду за законністю екстрадиції, а також - головні завданнями прокурора на даному напрямку його діяльності. Визначений рівень урегульованості чинним законодавством відносин у сфері прокурорського нагляду за видачею особи в Україну та видачею особи іншій державі. Встановлені основні форми реалізації прокурорського нагляду за застосуванням засобів кримінально-процесуального примусу. Визначений рівень нормативної конкретизації повноважень прокурора у сфері прокурорського нагляду за застосуванням заходів кримінально- процесуального примусу. Досліджене нормативне регулювання порядку судового розгляду скарг осіб, до яких застосований екстрадиційний арешт, їх захисників (законних представників).
650 _2UDC
_a343 Кримінальне право. Карні порушення
_91546
942 _2udc
_cAR
999 _c575850
_d575850